000 00307cam a22000977a 4500
008 180718b1959 xxu||||| |||| 00| 0 eng d
082 _aY1x42 1958-59
245 _aReport on work of the central land board : for financial year 1958-59
260 _aLondon
_bHer Majesty's Stationery Office
_c1959
300 _a9p.
999 _c425913
_d425913